000 00854nam a2200277 a 4500
008
020 _a0412277603(cased)
049 _aMAIN
090 _aQA279.5
_bMAR
100 1 _aMaritz, J.S.
245 1 0 _aEmpirical Bayes methods /
_cJ.S. Maritz and T. Lwin.
250 _a2nd ed.
260 _aLondon :
_bChapman and Hall,
_c1989.
300 _ax, 284 p. :
_bill. ;
_c23 cm.
440 0 _aMonographs on statistics and applied probability ;
_v35.
504 _aIncludes bibliographical references.
500 _aIncludes indexes.
650 0 _aBayesian statistical decision theory.
653 _aStatistical analysis
_aBayesian theories.
700 1 _aLwin, T.
907 _a.b10091129
_b20-04-12
_c21-10-03
003
005 20230123133442.0
040 _cNUST
942 _cBOOKS
_kQA279.5
_mMAR
999 _c148842
_d148842